Cuánto sabes de Chile: Difícil - Estadísticas

Estadísticas generales
  • Esta prueba ha sido intentada 202 veces
  • La puntuación promedio es 3 de 10
Estadísticas de respuestas
Pregunta Respuesta % Correcto
Según la mitología mapuche, Trentren Vilu y Caicai Vilu vivían en... La tierra y el mar respectivamente
62%
¿Cuál de estas comunas no existe? Chigualoco
47%
¿Cuál es la bandera de la región de Los Lagos?
42%
¿En qué año se aprobó el matrimonio igualitario en Chile? 2021
42%
¿Qué provincia es conocida como "Chiloé Continental"? Provincia de Palena
35%
¿Cuál de estos es un guitarrón chileno?
32%
¿Cuál de estas comunas es más nueva? Alto Hospicio
30%
¿Cuál es el país europeo al que mas emigran los chilenos? (según Wikipedia en español) Suecia
25%
¿Cuál de estos animales es una plaga en Juan Fernández? El Coatí
13%
De las diez ciudades sudamericanas con peor calidad del aire en 2018, según greenpeace, ¿Cuántas son chilenas? 9
10%
No se encontraron pruebas coincidentes
Distribución de puntuación
Porcentaje de gente con cada puntuación
Porcentaje por número respondido
Historial de tus puntuaciones
No has intentado esta prueba.